Countries that stayed neutral in WWI - Statistics

General Stats
  • This quiz has been taken 458 times
  • The average score is 18 of 26
Answer Stats
Continent Country % Correct
Europe Switzerland
90%
Europe Sweden
89%
S. America Argentina
87%
S. America Chile
84%
Europe Spain
84%
N. America Mexico
83%
S. America Peru
81%
Europe Norway
80%
S. America Colombia
78%
S. America Paraguay
78%
S. America Venezuela
78%
S. America Bolivia
77%
S. America Uruguay
76%
S. America Ecuador
74%
Europe Andorra
72%
Europe Denmark
71%
Europe San Marino
62%
Europe Netherlands
61%
Asia Persia
59%
Europe Monaco
58%
Africa Ethiopia
57%
Asia Afghanistan
55%
N. America El Salvador
52%
N. America Dominican Rep
45%
Asia Arabia
35%
Asia Tibet
19%
No matching quizzes found
Score Distribution
Percent of People with Each Score
Percentile by Number Answered
Your Score History
You have not taken this quiz